Effective academic writing. (Record no. 34316)

MARC details
000 -LEADER
fixed length control field 01420cam a2200337 a 4500
001 - CONTROL NUMBER
control field 14488273
003 - CONTROL NUMBER IDENTIFIER
control field OSt
005 - DATE AND TIME OF LATEST TRANSACTION
control field 20220405091111.0
008 - FIXED-LENGTH DATA ELEMENTS--GENERAL INFORMATION
fixed length control field 060809s2007 nyua 000 0 eng
010 ## - LIBRARY OF CONGRESS CONTROL NUMBER
LC control number 2006025921
020 ## - INTERNATIONAL STANDARD BOOK NUMBER
International Standard Book Number 9780194308823 (answer key)
020 ## - INTERNATIONAL STANDARD BOOK NUMBER
International Standard Book Number 9780194309226 (pbk. student book)
035 ## - SYSTEM CONTROL NUMBER
System control number (OCoLC)ocm71126659
040 ## - CATALOGING SOURCE
Original cataloging agency DLC
Transcribing agency HU
Modifying agency YDX
-- BAKER
-- YDXCP
-- BTCTA
-- OCLCG
-- VP@
-- DLC
050 00 - LIBRARY OF CONGRESS CALL NUMBER
Classification number PE1439
Item number .S28 2007
082 00 - DEWEY DECIMAL CLASSIFICATION NUMBER
Classification number 808/.042076
Edition number 22
100 1# - MAIN ENTRY--PERSONAL NAME
Personal name Savage, Alice,
Dates associated with a name 1962-
9 (RLIN) 35130
245 10 - TITLE STATEMENT
Title Effective academic writing.
Number of part/section of a work 1,
Name of part/section of a work The paragraph /
Statement of responsibility, etc. Alice Savage, Masoud Shafiei.
246 30 - VARYING FORM OF TITLE
Title proper/short title Paragraph
260 ## - PUBLICATION, DISTRIBUTION, ETC.
Place of publication, distribution, etc. New York :
Name of publisher, distributor, etc. Oxford University Press,
Date of publication, distribution, etc. c2007.
300 ## - PHYSICAL DESCRIPTION
Extent viii, 152 p. :
Other physical details ill. ;
Dimensions 28 cm.
650 #0 - SUBJECT ADDED ENTRY--TOPICAL TERM
Topical term or geographic name entry element English language
General subdivision Rhetoric
Form subdivision Problems, exercises, etc.
9 (RLIN) 5706
650 #0 - SUBJECT ADDED ENTRY--TOPICAL TERM
Topical term or geographic name entry element English language
General subdivision Paragraphs
Form subdivision Problems, exercises, etc.
9 (RLIN) 35131
650 #0 - SUBJECT ADDED ENTRY--TOPICAL TERM
Topical term or geographic name entry element English language
Form subdivision Textbooks for foreign speakers.
9 (RLIN) 24348
650 #0 - SUBJECT ADDED ENTRY--TOPICAL TERM
Topical term or geographic name entry element Academic writing
Form subdivision Problems, exercises, etc.
9 (RLIN) 35132
700 1# - ADDED ENTRY--PERSONAL NAME
Personal name Shafiei, Masoud.
9 (RLIN) 35133
856 41 - ELECTRONIC LOCATION AND ACCESS
Materials specified Table of contents only
Uniform Resource Identifier <a href="http://www.loc.gov/catdir/toc/ecip0619/2006025921.html">http://www.loc.gov/catdir/toc/ecip0619/2006025921.html</a>
906 ## - LOCAL DATA ELEMENT F, LDF (RLIN)
a 7
b cbc
c orignew
d 1
e ecip
f 20
g y-gencatlg
942 ## - ADDED ENTRY ELEMENTS (KOHA)
Source of classification or shelving scheme Dewey Decimal Classification
Koha item type Books like text book referance book
Suppress in OPAC No
Holdings
Withdrawn status Lost status Source of classification or shelving scheme Damaged status Not for loan Collection code Home library Current library Shelving location Date acquired Total Checkouts Full call number Barcode Date last seen Copy number Price effective from Koha item type
    Dewey Decimal Classification     Reference Wondo Genet Library Wondo Genet Library General Stacks 04/05/2022   808.04276 SAV 2007 WGCFNRL00018564 04/05/2022 1 04/05/2022 Books like text book referance book
    Dewey Decimal Classification     Reference Wondo Genet Library Wondo Genet Library General Stacks 04/05/2022   808.04276 SAV 2007 WGCFNRL00018565 04/05/2022 2 04/05/2022 Books like text book referance book
    Dewey Decimal Classification     Reference Wondo Genet Library Wondo Genet Library General Stacks 05/10/2022   808/.042076 WGCFNRL00019986 05/10/2022 3 05/10/2022 Books like text book referance book
    Dewey Decimal Classification     Reference Wondo Genet Library Wondo Genet Library General Stacks 05/10/2022   808/.042076 WGCFNRL00019987 05/10/2022 4 05/10/2022 Books like text book referance book